00395nam a2200157Ia 4500008004100000020001500041041001200056082001600068100001300084245004800097250000800145260003800153300000800191650001900199700001900218221030s9999 xx 000 0 und d a0706999266 aEnglish a105.23bSin aS. Singh 0aModern Algebracby S. Singh, Q. Zameeruddin a7th bVikas Pub House.aNew Delhic2000 a511 aBE Mathematics aQ. Zameeruddin